[Event "Porto Sant Elpidio op-A 10th"]
[Site "Porto Sant Elpidio"]
[Date "2007.11.25"]
[Round "3"]
[White "Amaranto, Luca"]
[Black "Fratini, Mauro"]
[Result "0-1"]
[WhiteElo "1922"]
[BlackElo "1979"]
[PlyCount "24"]
[EventDate "2007.11.24"]
[EventType "swiss"]
[EventRounds "6"]
[EventCountry "ITA"]
[SourceTitle "EXT 2010"]
[Source "ChessBase"]
[SourceDate "2010.11.25"]
[SourceVersion "1"]
[SourceVersionDate "2010.11.25"]
[SourceQuality "1"]

1. d4 Nf6 2. Bf4 c5 3. dxc5 Qa5+ 4. Nc3 Qxc5 5. e4 Nc6 6. Be2 d6 7. Nf3 Qb4 8. Bd2 Nxe4 9. Nd5 Qc5 10. Be3 Qa5+ 11. c3 e6 12. Bb6 Qxd5 0-1

[Event "Pescara op"]
[Site "Pescara"]
[Date "2004.11.13"]
[Round "4"]
[White "Grasso, Nino"]
[Black "Amaranto, Luca"]
[Result "1-0"]
[WhiteElo "2003"]
[BlackElo "1889"]
[PlyCount "81"]
[EventDate "2004.11.11"]
[EventType "swiss"]
[EventRounds "6"]
[EventCountry "ITA"]
[SourceTitle "EXT 2005"]
[Source "ChessBase"]
[SourceDate "2004.11.15"]
[SourceVersion "1"]
[SourceVersionDate "2004.11.15"]
[SourceQuality "1"]

1. e4 c5 2. c3 Nf6 3. e5 Nd5 4. d4 cxd4 5. Bc4 Nb6 6. Bb3 Nc6 7. cxd4 e6 8. Nf3 d6 9. Qe2 Be7 10. 0-0 0-0 11. Nc3 a6 12. a3 Qc7 13. Bf4 dxe5 14. dxe5 Nd7 15. Rac1 b6 16. Ne4 Nc5 17. Ba2 Nxe4 18. Qxe4 Bb7 19. Bb1 g6 20. Bh6 Rfd8 21. Qf4 Rac8 22. Rfe1 Rd7 23. Ng5 Bc5 24. Qf6 Bf8 25. Bxf8 Rxf8 26. Nxh7 Rc8 27. Qh4 Kg7 28. Nf6 Rh8 29. Qg5 Qd8 30. f4 Rd2 31. Be4 Na5 32. Bxb7 Nxb7 33. Ne4 Qxg5 34. Nxg5 Rh4 35. Rc7 Nd8 36. Nf3 Rxb2 37. Nxh4 Rb3 38. Rd1 Rxa3 39. Rxd8 Ra4 40. g3 g5 41. fxg5 1-0

[Event "Porto Sant Elpidio op-A 1st"]
[Site "Porto Sant Elpidio"]
[Date "1998.10.??"]
[Round "?"]
[White "Storani, Giuseppe"]
[Black "Amaranto, Luca"]
[Result "1-0"]
[WhiteElo "1594"]
[BlackElo "1720"]
[PlyCount "39"]
[EventDate "1998.10.??"]
[EventType "swiss"]
[EventRounds "6"]
[EventCountry "ITA"]
[SourceTitle "EXT 2024"]
[Source "ChessBase"]
[SourceDate "2023.10.10"]
[SourceVersion "1"]
[SourceVersionDate "2023.10.10"]
[SourceQuality "1"]

1. e4 c5 2. Nc3 Nc6 3. g3 g6 4. Bg2 Bg7 5. d3 d6 6. f4 e5 7. Nf3 Nge7 8. 0-0 0-0 9. Be3 b6 10. Qd2 Be6 11. fxe5 dxe5 12. Ng5 Nd4 13. Nxe6 Nxe6 14. Nd5 Nxd5 15. exd5 Nd4 16. a4 Qd7 17. Rf2 Rac8 18. Bh6 c4 19. Bxg7 Kxg7 20. Qe3 1-0